000 02066cam a22004214i 4500
003 PE-LiUPU
005 20250731183439.0
008 150706s2011 r 000 0 d
020 _a9788588675268
035 _a(Sirsi) i9788588675268
040 _aPE-LiUPU
_bspa
_cPE-LiUPU
_erda
049 _aPRUA
082 0 4 _a720
_bA43
_221
245 0 1 _aArquitectura y modos de habitar /
_cJorge Sarquis comp.
264 1 _aBogotá :
_bEdiciones de la U,
_c2011.
300 _a160 páginas :
_bilustraciones ;
_c24 cm.
336 _atext
_2rdacontent
337 _aunmediated
_2rdamedia
338 _avolume
_2rdacarrier
490 0 _aArea: Arquitectura
505 0 _aLos modos de habitar -- Arquitectura y modos de habitar -- Reconsideraciones a la arquitecturas y el habitar -- El acto de arquitectónica -- "AAAdueño.2 amb.Va.Urq.chiche.4522.4789 -- Sombras nada más entre tu vida y mi -- La vivienda urbana agrupada -- La casa soñada: el imaginario arquitectónico desde una mirada antropológica -- El usuario como eslabón -- Formas de habitar, formas de vivir -- El otro en la arquitectura -- La arquitectura de las relaciones -- Proyecto elemental -- Casa en pueblo Esther -- "La buena vida" Versus"La vida buena"(reseña).
526 _aP158
526 _aP146
526 _aP17
526 _aP12
526 _aP06
541 _g015-0015390;
650 0 4 _aArquitectura doméstica
_xAspectos sociales.
650 0 4 _aUrbanismo.
_93430
650 0 4 _aViviendas
_xDiseños y planos.
700 1 _aSarquis, Jorge,
_ecomp.
910 _cng
_d20130612
942 _2ddc
_cBOOK
949 _a720 A43
_wDEWEY
_c1
_i67522
_lCCODEBUL1
_mBUL
_p18.00
_r0
_sY
_tBOOK
_u2015-7-6
_xINGENIERIA
_PP06
_o.STAFF. Colección General
994 _aC0
_bPEPRU
596 _a1
999 _a720 A43
_wDEWEY
_c55151
_i67522
_d55151
_e2017-3-30
_f2021-11-9
_g7
_lCCODEBUL1
_mBUL
_n4
_p18.00
_r0
_sY
_tBOOK
_u2015-7-6
_xINGENIERIA
_PP06
_0COMPRA
_o.STAFF. Colección Ingenieria y Arquitectura
980 _81
_gALBERTO SANCHEZ Responsable de Automatización